Statystyki dla Największe miasta w Województwie Śląskim

Kliknij tutaj aby rozwiązać quiz!

Ogólne statystyki

  • Ten quiz został rozwiązany 76 razy
  • Średni wynik to 12 z 15

Statystyki odpowiedzi

L.LudnościMiasto% Poprawnych
303 314Katowice
100%
231 527Częstochowa
96%
184 993Gliwice
94%
177 815Zabrze
94%
210 249Sosnowiec
91%
172,762Bytom
90%
110,538Chorzów
88%
140,094Rybnik
88%
173 462Bielsko-Biała
85%
128,698Tychy
84%
123,774Dąbrowa Górnicza
76%
141,090Ruda Sląska
75%
93,556Jaworzno
67%
75,028Mysłowice
64%
91,073Jastrzębie-Zdrój
55%

Rozkład punktacji

Percentyl według liczby udzielonych odpowiedzi

Procent ludzi z każdym wynikiem

Twoja historia wyników

Nie rozwiązałeś tego quizu